000 00323nam a2200133 a 4500
005 20140513081057.0
008 071022s19uu xx 00 eng d
050 _aVCD
_bGl542 2004
245 _aGlad,sad or mad.
260 _aPhils :
_bViva Video,
_c2005.
440 _aBarney :
500 _awith 3 discs
999 _c116590
_d116590